International Economic Problems and Policies (Record no. 843)
[ view plain ]
| 005 - DATE AND TIME OF LATEST TRANSACTION | |
|---|---|
| control field | 20250318073254.0 |
| 020 ## - INTERNATIONAL STANDARD BOOK NUMBER | |
| International Standard Book Number | 0-312-42088-9 |
| 082 ## - DEWEY DECIMAL CLASSIFICATION NUMBER | |
| Classification number | 382.1 GRA |
| 100 ## - MAIN ENTRY--PERSONAL NAME | |
| Author name | GRAY, H. P. |
| 245 ## - TITLE STATEMENT | |
| Title | International Economic Problems and Policies |
| 260 ## - PUBLICATION, DISTRIBUTION, ETC. | |
| Place of publication, distribution, etc. | New York, |
| Name of publisher, distributor, etc. | St. Martin Press, |
| Date of publication, distribution, etc. | 1987. |
| 300 ## - PHYSICAL DESCRIPTION | |
| Extent | xiv, 486p.: ill.; graph, figure, table. |
| Other physical details | Bibliography, index. |
| Dimensions | 24cm. |
| 942 ## - ADDED ENTRY ELEMENTS (KOHA) | |
| Source of classification or shelving scheme | Dewey Decimal Classification |
| Koha item type | Books |
| Date last seen | Total checkouts | Full call number | Barcode | Cost, replacement price | Price effective from | Koha item type | Lost status | Source of classification or shelving scheme | Damaged status | Not for loan | Withdrawn status | Home library | Current library | Shelving location | Date acquired | Cost, normal purchase price |
|---|---|---|---|---|---|---|---|---|---|---|---|---|---|---|---|---|
| 03/18/2025 | 382.1 GRA | 0000003473 | 24000.00 | 03/18/2025 | Books | Dewey Decimal Classification | College of Business Education Main Library | College of Business Education Main Library | General Collection | 03/18/2025 | 8000.00 | |||||
| 03/18/2025 | 382.1 GRA | 0000003474 | 24000.00 | 03/18/2025 | Books | Dewey Decimal Classification | College of Business Education Main Library | College of Business Education Main Library | General Collection | 03/18/2025 | 8000.00 | |||||
| 03/18/2025 | 382.1 GRA | 0000003475 | 24000.00 | 03/18/2025 | Books | Dewey Decimal Classification | College of Business Education Main Library | College of Business Education Main Library | General Collection | 03/18/2025 | 8000.00 |
